LEADER 04284nam 2200697 450 001 9910260623303321 005 20200520144314.0 010 $a1-282-89931-7 010 $a9786612899317 010 $a0-262-29410-9 035 $a(CKB)2560000000053535 035 $a(SSID)ssj0000430519 035 $a(PQKBManifestationID)11301614 035 $a(PQKBTitleCode)TC0000430519 035 $a(PQKBWorkID)10456212 035 $a(PQKB)10020316 035 $a(MiAaPQ)EBC3339172 035 $a(CaBNVSL)mat06267526 035 $a(IDAMS)0b000064818b456e 035 $a(IEEE)6267526 035 $a(Au-PeEL)EBL3339172 035 $a(CaPaEBR)ebr10424687 035 $a(CaONFJC)MIL289931 035 $a(OCoLC)671647741 035 $a(EXLCZ)992560000000053535 100 $a20151223d2010 uy 101 0 $aeng 135 $aurcn||||||||| 181 $ctxt 182 $cc 183 $acr 200 12$aA vast machine $ecomputer models, climate data, and the politics of global warming /$fPaul N. Edwards 210 1$aCambridge, Massachusetts :$cMIT Press,$dc2010. 210 2$a[Piscataqay, New Jersey] :$cIEEE Xplore,$d[2010] 215 $axxvii, 518 p. $cill., maps 300 $aBibliographic Level Mode of Issuance: Monograph 311 $a0-262-51863-5 311 $a0-262-01392-4 320 $aIncludes bibliographical references (p. [441]-507) and index. 327 $aThinking globally -- Global space, universal time : seeing the planetary atmosphere -- Standards and networks : international meteorology and the Re?seau Mondial -- Climatology and climate change before World War II -- Friction -- Numerical weather prediction -- The infinite forecast -- Making global data -- The first WWW -- Making data global -- Data wars -- Reanalysis : the do-over -- Parametrics and the limits of knowledge -- Simulation models and atmospheric politics, 1960-1992 -- Signal and noise : consensus, controversy, and climate change. 330 $aGlobal warming skeptics often fall back on the argument that the scientific case for global warming is all model predictions, nothing but simulation; they warn us that we need to wait for real data, "sound science." In A Vast Machine Paul Edwards has news for these doubters: without models, there are no data. Today, no collection of signals or observations--even from satellites, which can "see" the whole planet with a single instrument--becomes global in time and space without passing through a series of data models. Everything we know about the world's climate we know through models. Edwards offers an engaging and innovative history of how scientists learned to understand the atmosphere--to measure it, trace its past, and model its future. Edwards argues that all our knowledge about climate change comes from three kinds of computer models: simulation models of weather and climate; reanalysis models, which recreate climate history from historical weather data; and data models, used to combine and adjust measurements from many different sources. Meteorology creates knowledge through an infrastructure (weather stations and other data platforms) that covers the whole world, making global data. This infrastructure generates information so vast in quantity and so diverse in quality and form that it can be understood only by computer analysis--making data global. Edwards describes the science behind the scientific consensus on climate change, arguing that over the years data and models have converged to create a stable, reliable, and trustworthy basis for the reality of global warming. 606 $aWeather forecasting 606 $aClimatology$xHistory 606 $aMeteorology$xHistory 606 $aClimatology$xTechnological innovations 606 $aGlobal temperature changes 608 $aElectronic books. 615 0$aWeather forecasting. 615 0$aClimatology$xHistory. 615 0$aMeteorology$xHistory. 615 0$aClimatology$xTechnological innovations. 615 0$aGlobal temperature changes. 676 $a551.63 700 $aEdwards$b Paul N.$0884488 801 0$bCaBNVSL 801 1$bCaBNVSL 801 2$bCaBNVSL 906 $aBOOK 912 $a9910260623303321 996 $aA vast machine$92183308 997 $aUNINA LEADER 03712nam 2200709Ia 450 001 9910543627603321 005 20200520144314.0 010 $a0-9803616-3-X 035 $a(CKB)1000000000423620 035 $a(EBL)346351 035 $a(OCoLC)225656287 035 $a(SSID)ssj0000211636 035 $a(PQKBManifestationID)11194442 035 $a(PQKBTitleCode)TC0000211636 035 $a(PQKBWorkID)10311515 035 $a(PQKB)11029681 035 $a(MiAaPQ)EBC3340026 035 $a(MiAaPQ)EBC346351 035 $a(Au-PeEL)EBL3340026 035 $a(CaPaEBR)ebr10231476 035 $a(OCoLC)923251822 035 $a(Au-PeEL)EBL346351 035 $a(OCoLC)568397515 035 $a(EXLCZ)991000000000423620 100 $a20070924d2007 uy 0 101 0 $aeng 135 $aur|n|---||||| 181 $ctxt 182 $cc 183 $acr 200 00$aNo way to go$b[electronic resource] $etransport and social disadvantage in Australian communities /$fedited by Graham Currie, Janet Stanley and John Stanley 210 $aClayton, Vic. $cMonash University ePress$d2007 215 $a1 online resource (200 p.) 300 $aDescription based upon print version of record. 311 $a0-9803616-2-1 320 $aIncludes bibliographical references. 327 $aCONTENTS; SECTION 1: INTRODUCTION; 01 Introduction; 02 Transport: A new frontier for social policy? An historical reflection; SECTION 2: INTERNATIONAL PERSPECTIVES; 03 Lessons for Australia from the US: An American looks at transportation and social exclusion; 04 Transport disadvantage and social exclusion in the UK; SECTION 3: AUSTRALIANS WITHOUT TRANSPORT; 05 Social exclusion: Informed reality thinking on accessibility and mobility in an ageing population; 06 Ageing without driving: Keeping older people connected; 07 Australians with disabilities: Transport disadvantage and disability 327 $a08 Young Australians: No way to go09 Indigenous communities: Transport disadvantage and Aboriginal communities; 10 Marginalised groups in Western Sydney: The experience of sole parents and unemployed young people; 11 Transport disadvantage and Australian urban planning in historical perspective: The role of urban form and structure in shaping household accessibility; SECTION 4: LESSONS FOR POLICY DEVELOPMENT; 12 Tr 330 $aNo Way to Go is an edited collection of papers that discuss the links between transport disadvantage and social exclusion in Australia. The book begins by exploring the global context for the Australian experience, with a series of papers from international contributors. In the second section, case studies based on recent empirical research examine the situation from the perspectives of different marginalised groups in Australian society. The book concludes by examining the implications for Australian social and transport policy. 606 $aUrban transportation$zAustralia 606 $aLocal transit$zAustralia 606 $aTransportation$xSocial aspects$zAustralia 606 $aMarginality, Social$zAustralia 606 $aSocial isolation$zAustralia 608 $aElectronic books. 615 0$aUrban transportation 615 0$aLocal transit 615 0$aTransportation$xSocial aspects 615 0$aMarginality, Social 615 0$aSocial isolation 676 $a388.4110994 701 $aCurrie$b Graham$01148046 701 $aStanley$b Janet$f1950-$01148047 701 $aStanley$b John$01148048 712 02$aMonash University ePress. 801 0$bMiAaPQ 801 1$bMiAaPQ 801 2$bMiAaPQ 906 $aBOOK 912 $a9910543627603321 996 $aNo way to go$92689621 997 $aUNINA LEADER 02079nas 2200553- 450 001 9910307959103321 005 20221125213018.0 011 $a2213-7793 035 $a(DE-599)ZDB2712864-7 035 $a(OCoLC)851409811 035 $a(CKB)3520000000003020 035 $a(CONSER)--2017208133 035 $a(EXLCZ)993520000000003020 100 $a20130522a20139999 --- - 101 0 $aeng 135 $aurmnu|||||||| 181 $ctxt$2rdacontent 182 $cc$2rdamedia 183 $acr$2rdacarrier 200 00$aSpringer science reviews 210 1$a[Basel] :$cSpringer International Publishing 330 $a"Literature reviews by outstanding PhD students and early career researchers in life, biomedical and related sciences. Its key goal is to actively promote cross-fertilization and trans-boundary thinking, publishing the biological and directly related social and physical sciences side-by-side. The journal includes invited expert reviews relevant to both early career as well as established researchers." --About the journal, viewed SpringerLink 16 July 2015. 517 1 $aScience reviews 606 $aScience$vPeriodicals 606 $aLife sciences$vPeriodicals 606 $aMedical sciences$vPeriodicals 606 $aSciences$vPériodiques 606 $aSciences de la vie$vPériodiques 606 $aSciences de la santé$vPériodiques 606 $aLife sciences$2fast$3(OCoLC)fst00998323 606 $aMedical sciences$2fast$3(OCoLC)fst01014601 606 $aScience$2fast$3(OCoLC)fst01108176 608 $aPeriodicals.$2fast 610 10$aSciences (General) 610 10$aEmpirische wetenschappen (algemeen) 615 0$aScience 615 0$aLife sciences 615 0$aMedical sciences 615 6$aSciences 615 6$aSciences de la vie 615 6$aSciences de la santé 615 7$aLife sciences. 615 7$aMedical sciences. 615 7$aScience. 676 $a570.5 906 $aJOURNAL 912 $a9910307959103321 996 $aSpringer science reviews$91940870 997 $aUNINA LEADER 01223nam a22002531i 4500 001 991002941659707536 005 20030910154746.0 008 030925s1993 it |||||||||||||||||ita 035 $ab1235837x-39ule_inst 035 $aARCHE-040591$9ExL 040 $aBiblioteca Interfacoltà$bita$cA.t.i. Arché s.c.r.l. Pandora Sicilia s.r.l. 082 04$a853.7 100 1 $aPovolo, Claudio$0455127 245 13$aIl romanziere e l'archivista :$bda un processo veneziano del '600 all'anonimo manoscritto dei Promessi sposi : memoria presentata dal s.e. Vittore Branca e dal s.e. Gaetano Cozzi nell'adunanza ordinaria del 22 maggio 1993 /$cClaudio Povolo 260 $aVenezia :$bIstituto veneto di scienze lettere ed arti,$c1993 300 $a165 p. ;$c24 cm 440 0$aMemorie.$pClasse di scienze morali lettere ed arti ;$v50 650 4$aManzoni, Alessandro. I promessi sposi$xFonti archivistiche 907 $a.b1235837x$b02-04-14$c08-10-03 912 $a991002941659707536 945 $aLE002 Ann. 214/050 Liv. III$g1$i2002000181954$lle002$o-$pE0.00$q-$rl$s- $t0$u2$v2$w2$x0$y.i1276274x$z08-10-03 996 $aRomanziere e l'archivista$9158464 997 $aUNISALENTO 998 $ale002$b08-10-03$cm$da $e-$fita$git $h3$i1 LEADER 01763nam0 22004093i 450 001 UR10004608 005 20251003044432.0 010 $a8813188331 020 $aIT$b94-9865 100 $a20130418d1994 ||||0itac50 ba 101 | $aita$cita 102 $ait 181 1$6z01$ai $bxxxe 182 1$6z01$an 183 1$6z01$anc$2RDAcarrier 200 1 $aCasi e materiali di diritto comunitario$edal Mercato comune all'Unione europea$fa cura di Paolo Mengozzi 210 $aPadova$cCEDAM$d1994 215 $aXVIII, 820 p.$d24 cm. 500 11$aCasi e materiali di diritto comunitario$3IEI0754143$9669178 606 $aDiritto comunitario$2FIR$3CFIC008568$9E 676 $a341.242$9Diritto delle nazioni (Diritto internazionale) - Unione europea$v14 676 $a341.2422026$9UNIONE EUROPEA. Trattati e giurisprudenza$v22 696 $aDiritto dell'UE$aDiritto delle Comunità europee$aDiritto dell'Unione europea$aDiritto europeo 699 $aDiritto comunitario$yDiritto dell'UE 699 $aDiritto comunitario$yDiritto delle Comunità europee 699 $aDiritto comunitario$yDiritto dell'Unione europea 699 $aDiritto comunitario$yDiritto europeo 702 1$aMengozzi$b, Paolo$3CFIV008259$4070 801 3$aIT$bIT-000000$c20130418 850 $aIT-BN0095 $aIT-NA0070 901 $bNAP 01$cD $n$ 901 $bNAP BU$c5 B $nPropedeutica. Formato cm. 20,1-28. 912 $aUR10004608 950 0$aBiblioteca Centralizzata di Ateneo$b1 v.$c1 v.$d 01D (AR) 21 973$e 01AR 0700219735 VMA A4 1 v.$fY $h20190508$i20190508 977 $a 01$a BU 996 $aCasi e materiali di diritto comunitario$9669178 997 $aUNISANNIO